000 00552nam a2200181Ia 4500
005 20250508151459.0
008 008 250505s9999 xx 000 0 eng d
037 _aTextual
040 _aFEDL
_beng
_cFEDL
041 _aeng
_2eng
084 _a742, NOR
_qFEDL
100 _aNorling Ernest R
_9759244
245 0 _aPerspective made easy: A step-by-step method for learning the basis of drawing
260 _aNew York, USA
_bThe Macmillan Company
_c1939
300 _axii,203p.
942 _cTEXL
_h742, NOR
999 _c1330090
_d1330090